Trouve les 5* de Genshin Impact - Statistiques

Statistiques générales
  • Ce quiz a été pris 1 224 fois
    798 depuis la dernière actualisation
  • Le résultat moyen est 37 sur 56
Answers on the Grid
Answers color-coded by a green-red scale on the quiz's grid according to % correct below.
Aino
Albedo
Alhaitham
Amber
Arataki Itto
Arlecchino
Baizhu
Barbara
Beidou
Bennett
Citlali
Candace
Charlotte
Chasca
Chevreuse
Chiori
Chongyun
Clorinde
Collei
Cyno
Dahlia
Dehya
Diluc
Diona
Dori
Émilie
Escoffier
Eula
Faruzan
Fischl
Fréminet
Flins
Furina
Gaming
Ganyu
Gorou
Hu Tao
Iansan
Ifa
Ineffa
Jean
Kachina
Kaedehara Kazuha
Kaeya
Kamisato Ayaka
Kamisato Ayato
Kaveh
Keqing
Kinich
Kirara
Klee
Kujou Sara
Kuki Shinobu
Lan Yan
Lauma
Layla
Lisa
Lynette
Lyney
Mavuika
Mika
Mona
Mualani
Nahida
Navia
Neuvillette
Nilou
Ningguang
Noëlle
Nomade
Ororon
Qiqi
Razor
Rosalia
Sangonomiya Kokomi
Sayu
Sethos
Shenhe
Shikanoin Heizou
Shogun Raiden
Sigewinne
Skirk
Sucrose
Tartaglia
Thomas
Tighnari
Varesa
Venti
Wriothesley
Xiangling
Xianyun
Xiao
Xilonen
Xingqiu
Xinyan
Yae Miko
Yanfei
Yaoyao
Yelan
Yoimiya
Yumemizuki Mizuki
Yun Jin
Zhongli
 
Statistiques - réponses
Réponse % Correct
Tartaglia
70%
Venti
70%
Yae Miko
70%
Albedo
68%
Eula
68%
Hu Tao
68%
Jean
68%
Kaedehara Kazuha
68%
Kamisato Ayaka
68%
Mavuika
68%
Neuvillette
68%
Sangonomiya Kokomi
68%
Shogun Raiden
68%
Skirk
68%
Wriothesley
68%
Zhongli
68%
Arataki Itto
67%
Furina
67%
Kamisato Ayato
67%
Mona
67%
Nahida
67%
Nilou
67%
Yoimiya
67%
Alhaitham
66%
Arlecchino
66%
Diluc
66%
Keqing
66%
Klee
66%
Mualani
66%
Shenhe
66%
Chasca
65%
Cyno
65%
Dehya
65%
Ganyu
65%
Lauma
65%
Qiqi
65%
Xiao
65%
Yelan
65%
Yumemizuki Mizuki
65%
Flins
64%
Ineffa
64%
Kinich
64%
Xilonen
64%
Citlali
63%
Clorinde
63%
Escoffier
63%
Nomade
63%
Tighnari
63%
Baizhu
62%
Navia
62%
Sigewinne
62%
Varesa
62%
Émilie
61%
Lyney
61%
Chiori
59%
Xianyun
51%
Aucun quiz correspondant
Distribution des résultats
% des personnes avec chaque résultat
Percentile par nombre de réponses
Votre historique - résultats
Vous n’avez pas pris ce quiz depuis la dernière actualisation